Superhero/Supervillain Alter Egos Mega Quiz - Statistics

General Stats
  • This quiz has been taken 80 times
  • The average score is 68 of 120
Answer Stats
Alter Ego Hero/Villain % Correct
Bruce Wayne Batman
97%
Bruce Banner Hulk
95%
Barbara Gordon Batgirl/Oracle
94%
Clark Kent Superman
94%
Peter Parker Spiderman
92%
Barry Allen The Flash
92%
Tony Stark Iron Man
91%
Hal Jordan Green Lantern
89%
Diana Prince Wonder Woman
89%
Steven Strange Doctor Strange
88%
Harleen Quinzel Harley Quinn
88%
Steve Rogers Captain America
86%
Johnny Storm Human Torch
86%
Charles Xavier Professor X
86%
T'challa Black Panther
85%
Selina Kyle Catwoman
85%
Oliver Queen Green Arrow
85%
Clint Barton Hawkeye
85%
Hank Pym Ant Man
83%
Natasha Romanov Black Widow
83%
Matt Murdock Daredevil
83%
Dick Grayson Robin/Nightwing
83%
Peter Quill Starlord
83%
Wade Wilson Deadpool
82%
Victor Von Doom Doctor Doom
82%
Reed Richards Mr. Fantastic
82%
Pietro Maximoff Quicksilver
82%
Wanda Maximoff Scarlet Witch
82%
Wally West The Flash
82%
Harvey Dent Two-Face
82%
Sam Wilson Falcon
80%
Harry Osborn Green Goblin
80%
Norman Osborn Green Goblin
80%
Sue Storm Invisible Woman
80%
Bucky Barnes The Winter Soldier
80%
Scott Lang Ant Man
78%
Otto Octavius Doctor Octopus
78%
Ben Grimm The Thing
78%
Eddie Brock Venom
77%
Johnny Blaze Ghost Rider
75%
Scott Summers Cyclops
74%
Oswald Cobblepot Penguin
74%
Jean Grey Phoenix
74%
Frank Castle The Punisher
74%
Miles Morales Spiderman
72%
Janet van Dyne Wasp
72%
Arthur Curry Aquaman
71%
Slade Wilson Deathstroke
71%
Jason Todd Robin/Red Hood
71%
James Howlett Wolverine
71%
Wilson Fisk Kingpin
69%
Tim Drake Robin
69%
Ororo Monroe Storm
69%
J'onn J'onzz Martian Manhunter
68%
Kara Danvers Supergirl
68%
Hank McCoy Beast
66%
Carol Danvers Ms. Marvel
65%
Adrian Toomes The Vulture
63%
Jim Rhodes War Machine
63%
Edward Nigma/Eddie Nashton The Riddler
62%
Curtis Connors Lizard
60%
Erik Lensherr Magneto
60%
Kurt Wagner Nightcrawler
60%
Bobby Drake Iceman
58%
Jonathan Crane Scarecrow
55%
Kent Clark Bizarro
54%
Floyd Lawton Deadshot
54%
Remy LeBeau Gambit
54%
Jubilation Lee Jubilee
52%
Victor Fries Mr. Freeze
52%
Piotr Rasputin Colossus
51%
Johann Schmidt Red Skull
51%
Quentin Beck Mysterio
49%
Jack Napier The Joker
49%
Cletus Kasady Carnage
48%
Bob Parr Mr. Incredible
46%
Raven Darkholme Mystique
46%
Flint Marko Sandman
46%
Emil Blonsky Abomination
45%
Warren Worthington Angel
45%
Dinah Drake Black Canary
45%
Brock Rumlow Crossbones
45%
Jaime Reyes Blue Beetle
43%
Pamela Isley Poison Ivy
43%
Norrin Radd Silver Surfer
43%
Aldrich Killian The Mandarin
43%
Jessica Drew Spiderwoman
40%
Maxwell Dillon Electro
37%
Cain Marko Juggernaut
37%
Anna Marie Rogue
37%
Victor Creed Sabretooth
37%
Sergei Kravinoff Kraven the Hunter
35%
Jervis Tetch Mad Hatter
35%
Waylon Jones Killer Croc
34%
Mac Gargan Scorpion
34%
Roman Sionis Black Mask
28%
Basil Karlo Clayface
28%
Tommy Elliot Hush
28%
Aleksei Sytsevich Rhino
28%
Sean Cassidy Banshee
26%
Helen Parr Elastagirl
25%
Fred Dukes Blob
22%
Buddy Pine Syndrome
22%
Lucius Best Frozone
18%
Julian Day Calendar Man
17%
Adrian Veidt Ozymandias
17%
Ali Blaire Dazzler
14%
Alec Holland Swamp Thing
14%
Jon Osterman Dr. Manhattan
12%
Walter Joseph Kovacs Rorschach
12%
Antonio Diego Bane
11%
Anung un Rama Hellboy
9%
Dan Dreiberg Nite Owl
9%
Laurie Juspeczyk Silk Spectre
9%
Edward Blake The Comedian
9%
Armando Muñoz Darwin
8%
Dave Lizewski Kick-Ass
8%
Eric Draven The Crow
8%
Arnold Wesker Ventriloquist
6%
Cliff Secord The Rocketeer
3%
No matching quizzes found
Score Distribution
Percent of People with Each Score
Percentile by Number Answered
Your Score History
You have not taken this quiz